Voyage a l'ile de France : un officier du roi a l'ile Maurice, 1768-1770

Αποθηκεύτηκε σε:
Λεπτομέρειες βιβλιογραφικής εγγραφής
Κύριος συγγραφέας: Saint-Pierre, Bernardin de 1737-1814
Μορφή: Βιβλίο
Γλώσσα:French
Δημοσίευση: Paris : La Decouverte/Maspero, 1983
Σειρά:La Decouverte ; ; 69
Θέματα:
Ετικέτες: Προσθήκη ετικέτας
Δεν υπάρχουν, Καταχωρήστε ετικέτα πρώτοι!

MARC

LEADER 00000cam a2200000 i 4500
001 1/9354
008 970211s1983 fre d
020 |a 2-7071-1406-5 
035 |l 10017440 
040 |a GR-MY-UA  |b gre  |e aacr 
041 0 |a fre 
082 0 |a 916.982041 
100 1 |a Saint-Pierre, Bernardin de  |d 1737-1814. 
245 1 0 |a Voyage a l'ile de France :  |b un officier du roi a l'ile Maurice, 1768-1770 /  |c Bernardin de Saint-Pierre ; Introduction et notes d'Yves Benot 
260 |a Paris :   |b La Decouverte/Maspero,   |c 1983 
300 |a 257 p.;  |b map;  |c 18 cm 
490 1 |a La Decouverte  |v ; 69 
504 |a Includes bibliographical references 
600 0 0 |a Saint-Pierre Bernardin de  |d 1737-1814  |x Journeys  |z Mauritius. 
650 0 0 |a Authors, French  |y 18th century  |x Journeys  |z Mauritius. 
651 0 |a Mauritius  |x Description and travel  |y Early works to 1800. 
651 0 |a Cape of Good Hope (South Africa)  |x Description and travel  |y Early works to 1800. 
830 0 |a La Decouverte ;  |v ; 69 
852 |a INST  |b LESVOS  |e 19970211  |h 916.982041 SAI  |p 005100008380  |q 005100008380  |t BK  |y 0 
909 |a Λ  |b 020879